1195 1705 1697 1000 1711 1517 1231 1825 1448 1751 1916 1046 1688 1695 1276 1806 1553 1456 1779 1039 1432 1965 1049 1534 1771 1743 1564 1484 1019 1734 1325 1767 1050 1127 1680 1319 1724 1774 1073 1270 1592 1530 1802 1407 1193 1116 1680 1396 1106 1560 1690 1897 1163 1186 1979 1080 1469 1726 1625 1092 1272 1335 1092 1683 1255 1984 1122 1358 1551 1523 1000 1099 1214 1741 1958 1656 1042 1182 1723 1332 1107 1923 1195 1517 1826 1275 1644 1296 1200 1698 1872 1387 1345 1048 1434 1046 1696 1772 1250 BCNSPRNW ULIB Ver.6.0+V

เปลี่ยนเป็นภาษาไทย

Change to English
 แสดงรายละเอียดบรรณานุกรม
  กลับหน้าหลัก

Brief Record : Get Marc (ISO 2709) : E-mail record : QR code < ปิดหน้าต่าง
LEADER : 00000nam 2200000uu 4500
001    13399111932
003     ULIB
008    110712s2544||||th 000 0 tha d
020    9747520966
050 04 E169^bพ718ต 2544
100 0  นวลจันทร์ ศุภนิมิตร
245 10 ตามทางคาวบอย /^cนวลจันทร์ ศุภนิมิตร
250    พิมพ์ครั้งที่ 2
260    กรุงเทพฯ :^bแพรว,^c2544
300    183 หน้า :^bภาพประกอบ
440  0 สารคดีท่องเที่ยว ;^v10
650  7 สหรัฐอเมริกา^xภูมิประเทศและการท่องเที่ยว
650  7 สหรัฐอเมริกา^xความเป็นอยู่และประเพณี
945    ^p155^l0^i016026
995    ทศพร
999 ^a ใช้งานได้ทุกระบบ
รายการนี้ยังไม่มีแท็ก
คุณยังไม่ได้ล็อกอิน คุณสามารถมีกิจกรรมร่วมกับเว็บไซต์ได้ แต่ต้องล็อกอินก่อน ::
  ล็อกอิน

รายการสื่อสารสนเทศ

ลำดับที่ ประเภท เลขเรียก/บาร์โค้ด สถานที่ สถานะ
- ไม่พบข้อมูล -

รายการใกล้เคียง
    ผู้แต่ง [นวลจันทร์ ศุภนิมิตร]

BibComment


ยังไม่เคยถูกคอมเมนท์

คอมเมนท์ทรัพยากรรายการนี้
  คอมเมนท์: ตามทางคาวบอย นวล..


 Copyright 2026. Bcnsprnw @Library